all julie and the phantoms songs - Statistics

General Stats
  • This quiz has been taken 1,176 times
  • The average score is 13 of 15
Answer Stats
Hint Answer % Correct
15 stand tall
97%
1 now or never
94%
2 wake up
94%
12 edge of great
93%
13 unsaid emily
93%
3 bright
91%
8 the other side of hollywood
90%
6 flying solo
88%
10 finally free
84%
11 perfect harmony
84%
5 wow
84%
9 all eyes on me
81%
4 this band is back
81%
7 i got the music
77%
14 you got nothing to lose
69%
No matching quizzes found
Score Distribution
Percent of People with Each Score
Percentile by Number Answered
Your Score History
You have not taken this quiz